| 000 | 01005nam a22003137a 4500 | ||
|---|---|---|---|
| 003 | CHAP | ||
| 005 | 20220329134539.0 | ||
| 008 | 971013s1978 r 00010 d | ||
| 010 | _a21990 | ||
| 011 | _a22962 | ||
| 035 | _a27057 | ||
| 040 | _cCHAP | ||
| 082 |
_a581.543 _bC5 |
||
| 100 | 0 | 0 |
_aClutter, Mary E. _923938 |
| 245 |
_aDormancy and developmental arrest _b: experimental analysis in plants and animals |
||
| 260 |
_aNew York : _bAcademic Press, _c1978 |
||
| 300 |
_a316 p. _b: ilus. |
||
| 590 |
_aBATCH-UPD _b10 _c20130109 _lUCH01 _h2310 |
||
| 590 |
_aBATCH-UPD _b10 _c20130110 _lUCH01 _h2055 |
||
| 590 |
_aBATCH-UPD _b10 _c20130410 _lUCH01 _h1408 |
||
| 590 |
_aBATCH-UPD _b10 _c20130914 _lUCH01 _h0950 |
||
| 590 |
_aCONVERSION _b10 _c20130109 _lUCH01 _h1313 |
||
| 650 | 1 | 4 |
_aHibernación. _955139 |
| 650 | 1 | 4 |
_aLetargo en plantas. _966367 |
| 650 | 1 | 4 |
_aSemillas _xLetargo. _9103909 |
| 901 | _aBK | ||
| 942 | _cLIBRO | ||
| 949 |
_a581.543 C5 _bBC _cLIBRO _d33724000538344 _eLIBRO _h55184 _i27057 _si _t1458.00 |
||
| 999 |
_c21990 _d21990 |
||